• 首页
  • 本馆介绍
  • 公告通知
  • 最新文献
  • 馆藏检索
  • 电子资源
  • 读者导购
  • 参考咨询
  • 我的图书馆
  • 登录
  • 详细信息显示
  • 放入我的书架
  • 预约/预借图书
  • 作者相关作品
  • 分类相关作品
  • 丛书相关作品
  • 出版社相关作品

书目信息

  • 表格格式
  • 工作单格式
  • 卡片格式
题名:
美国海岸警备队
    
 
作者: 李培志 编译
分册:  
出版信息: 北京   社会科学文献出版社  2005
页数: 416页
开本: 21cm
丛书名:
单 册:
中图分类: E712.14
科图分类:
主题词: 美国海岸警卫队--概况
电子资源:
ISBN: 7-80190-830-9
000 01474nam0 2200325 450
000 01437nam0 2200313 450
000 01401nam0 2200301 450
000 01371nam0 2200301 450
000 01317nam0 2200277 450
000 01335nam0 2200265 450
000 01298nam0 2200253 45
001 TS2006039630
005 20061217091542.34
010    @a7-80190-830-9@dCNY29.00
100    @a20060829d2005 ekmy0chiy0120 ea
101 0  @achi
102    @aCN@b110000
105    @aa z 000yy
200 1  @a美国海岸警备队@AMei Guo Hai An Jing Bei Dui@dU.S coast guard@f李培志编译@FLi Pei Zhi Bian Yi@zeng
210    @a北京@c社会科学文献出版社@d2005
215    @a416页@c照片@d21cm
330    @a本书是国内第一本详尽介绍美国海岸警卫队的中文书籍。美国海岸警卫队是美国五大武装力量之一,也是当今美国联邦政府最大的部——国土安全部中的部门之一,是美国海上综合执法机构,其职能覆盖了相当于我国当今海军、公安边防武警、海监、海事、渔政、海关、环境保护等部门的部分业务。作为世界各国海岸警卫队的鼻祖,美国海岸警卫队是许多国家海上执法队伍建设的典范。本书材料全部来自美国海岸警卫队官方机构,资料翔实可靠,是了解和研究美国海岸警卫队非常重要的中文参考用书。
510 1  @aU.S coast guard@zeng
606 0  @a美国海岸警卫队@x概况
690    @aE712.14@v4
701  0 @a李培志@ALi Pei Zhi@4编译
801    @aCN@b中图数据@c20061217
905    @a10447@dE712.14@e61
    
    美国海岸警备队=U.S coast guard/李培志编译.-北京:社会科学文献出版社,2005
    416页:照片;21cm
    
    
    ISBN 7-80190-830-9:CNY29.00
    本书是国内第一本详尽介绍美国海岸警卫队的中文书籍。美国海岸警卫队是美国五大武装力量之一,也是当今美国联邦政府最大的部——国土安全部中的部门之一,是美国海上综合执法机构,其职能覆盖了相当于我国当今海军、公安边防武警、海监、海事、渔政、海关、环境保护等部门的部分业务。作为世界各国海岸警卫队的鼻祖,美国海岸警卫队是许多国家海上执法队伍建设的典范。本书材料全部来自美国海岸警卫队官方机构,资料翔实可靠,是了解和研究美国海岸警卫队非常重要的中文参考用书。
●
相关链接 在E读中查询图书 在五车中查询图书 在当当中查询图书 在豆瓣中查询图书


正题名:美国海岸警备队     索取号:E712.14/61         预约/预借

序号 登录号 条形码 馆藏地/架位号 状态 备注
1 0611879   206118798   第一样本阅览室/ [索取号:E712.14/61] 在馆    
2 0611880   206118805   第一借阅区/ [索取号:E712.14/61] 在馆    
3 0611881   206118814   第一借阅区/ [索取号:E712.14/61] 在馆    
4 0611882   206118823   第一借阅区/ [索取号:E712.14/61] 在馆    
5 0611883   206118832   第一借阅区/ [索取号:E712.14/61] 在馆    
唐山师范学院图书馆 欢迎您!
大连网信软件有限公司© 版权所有